Khảo sát chất lượng nước mặt và sức khỏe cộng đồng trong vùng đê bao khép kín ở huyện chợ mới tỉnh An Giang : Luận văn tốt nghiệp Cao học. Chuyên ngành Quản lý Tài nguyên và môi trường

Đánh giá được hiện trạng môi trường chất lượng nước mặt trong và ngoài đê bao khép kín Xã An Thạnh Trung huyện Chợ Mới nhằm có được bức tranh đầy đủ về hiện trạng môi trường nước tại khu vực nghiên cứu...

Descrición completa

Gardado en:
Detalles Bibliográficos
Autor Principal: Nguyễn, Thị Thúy Hằng
Formato: Libro
Idioma:Undetermined
Publicado: Cần Thơ Trường Đại học Cần Thơ 2016
Những chủ đề:
Các nhãn: Engadir etiqueta
Sen Etiquetas, Sexa o primeiro en etiquetar este rexistro!
Thư viện lưu trữ: Trung tâm Học liệu Trường Đại học Cần Thơ
LEADER 01279nam a2200217Ia 4500
001 CTU_217123
008 210402s9999 xx 000 0 und d
082 |a 628.11 
082 |b H116 
088 |a 60850101 
100 |a Nguyễn, Thị Thúy Hằng 
245 0 |a Khảo sát chất lượng nước mặt và sức khỏe cộng đồng trong vùng đê bao khép kín ở huyện chợ mới tỉnh An Giang : 
245 0 |b Luận văn tốt nghiệp Cao học. Chuyên ngành Quản lý Tài nguyên và môi trường 
245 0 |c Nguyễn Thị Thúy Hằng ; Phạm Văn Toàn (Người hướng dẫn) 
260 |a Cần Thơ 
260 |b Trường Đại học Cần Thơ 
260 |c 2016 
520 |a Đánh giá được hiện trạng môi trường chất lượng nước mặt trong và ngoài đê bao khép kín Xã An Thạnh Trung huyện Chợ Mới nhằm có được bức tranh đầy đủ về hiện trạng môi trường nước tại khu vực nghiên cứu 
650 |a Chất lượng nước,Water quality 
904 |i Nhi,Hải 
980 |a Trung tâm Học liệu Trường Đại học Cần Thơ